000 00600nam a2200205Ia 4500
001 8327
003 GE_BSU
008 181216s||||||||xx |||||||||||||| ||und||
040 _cGE_BSU
245 _aИммунология.Том 34. №5 2013
245 _bСентябрь-октябрь
245 _cРед.Е.И.Константинова
260 _aМосква
260 _bМедицина
260 _c2013
300 _a288стр,29см.
520 _aДвухмесячный научно-практический журнал.
653 _aИммунология.
942 _cCR
999 _c41654
_d41654